[Event "Championship Primorsky Debut"]
[Site "?"]
[Date "2015.07.28"]
[Round "8.8"]
[White "Muratov, Sergey"]
[Black "Shomoev, Anton"]
[Result "0-1"]
[WhiteElo "2218"]
[BlackElo "2578"]
[PlyCount "66"]
[EventDate "2015.??.??"]

1. d4 Nf6 2. c4 g6 3. Nf3 Bg7 4. g3 c5 5. d5 b5 6. cxb5 a6 7. bxa6 O-O 8. Bg2
d6 9. Nc3 Nxa6 10. O-O Bf5 11. Nh4 Bd7 12. Bd2 Qc8 13. Qc1 Re8 14. Rd1 Nc7 15.
Rb1 Nb5 16. a3 Nd4 17. Bh6 Bh8 18. e3 Nb3 19. Qc2 Rb8 20. Nf3 Bg4 21. Re1 Bxf3
22. Bxf3 Qh3 23. Bf4 Ng4 24. Bxg4 Qxg4 25. Kg2 Rb6 26. f3 Qd7 27. g4 Reb8 28.
Bg3 Qb7 29. Re2 Qa6 30. Be1 Qc4 31. Qe4 Na5 32. Qc2 Rb3 33. a4 Bxc3 0-1

[Event "Championship Primorsky Debut"]
[Site "?"]
[Date "2015.07.28"]
[Round "8.9"]
[White "Zherebtsova, Alexandra"]
[Black "Yanchenko, Roman"]
[Result "0-1"]
[WhiteElo "2210"]
[BlackElo "2384"]
[PlyCount "84"]
[EventDate "2015.??.??"]

1. d4 Nf6 2. Nf3 e6 3. c4 Bb4+ 4. Bd2 Be7 5. Nc3 d5 6. Qc2 O-O 7. e3 a6 8. Rd1
h6 9. Bc1 Nbd7 10. Be2 dxc4 11. a4 c5 12. O-O Qc7 13. e4 cxd4 14. Rxd4 Ne5 15.
Nxe5 Qxe5 16. Rfd1 Bc5 17. Rd8 Qc7 18. Rxf8+ Bxf8 19. f4 e5 20. Nd5 Nxd5 21.
exd5 b5 22. Qe4 exf4 23. Bxf4 Qa7+ 24. Kh1 Bd7 25. Bf3 Re8 26. Qc2 Qc5 27. d6
Bxd6 28. Bxd6 Qxd6 29. h3 Qg3 30. axb5 axb5 31. Rf1 Re1 32. Rxe1 Qxe1+ 33. Kh2
Qe5+ 34. Kh1 Bf5 35. Qd2 Bd3 36. Qb4 h5 37. Bc6 Bf1 38. Kg1 Be2 39. Kh1 g5 40.
Bxb5 g4 41. hxg4 hxg4 42. Bxc4 Qh8+ 0-1

[Event "Championship Primorsky Debut"]
[Site "?"]
[Date "2015.07.28"]
[Round "8.10"]
[White "Tugarin, Anton"]
[Black "Rychkov, Oleg"]
[Result "1/2-1/2"]
[WhiteElo "2177"]
[BlackElo "2328"]
[PlyCount "104"]
[EventDate "2015.??.??"]

1. Nf3 d5 2. d4 Nf6 3. c4 c6 4. e3 g6 5. Nc3 Bg7 6. h3 O-O 7. Bd3 c5 8. O-O Nc6
9. dxc5 dxc4 10. Bxc4 Qa5 11. Qa4 Qxc5 12. e4 Nd7 13. Be2 Nde5 14. Nxe5 Bxe5
15. Be3 Nd4 16. Kh1 Qc6 17. Qxc6 bxc6 18. Bc4 Nc2 19. Rac1 Nxe3 20. fxe3 Kg7
21. b3 g5 22. Ne2 g4 23. hxg4 Bxg4 24. Nd4 e6 25. Nxc6 Bg3 26. Nd4 Rad8 27. Rc2
Rc8 28. Ne2 Be5 29. Ng1 Rfd8 30. Nf3 Bg3 31. Rfc1 h5 32. Be2 Rxc2 33. Rxc2 h4
34. Kg1 Kf6 35. e5+ Kg7 36. Nd4 Bxe2 37. Rxe2 Bxe5 38. Rd2 Bc7 39. Kf1 Rd5 40.
Nf3 Rf5 41. Ke2 Bg3 42. b4 a5 43. Rd4 axb4 44. Rxb4 Kh6 45. a4 Kh5 46. Rb7 Ra5
47. Rxf7 Rxa4 48. Nd2 Ra2 49. Rd7 e5 50. Kf3 Ra8 51. Ke4 Rg8 52. Nf3 Kh6
1/2-1/2